Hodnotenie ekonomickej efektívnosti podnikateľských zámerov.

Kritériá hodnotenia ekonomickej efektívnosti podnikateľského zámeru. Základné a vedľajšie kritériá. Termíny potrebné na výpočet. Praktický výpočet jednotlivých kritérií hodnotenia podnikateľských zámerov.

Salvato in:
Dettagli Bibliografici
Autore principale: Novák, J.
Altri autori: Chrastinová, Zuzana
Natura: Capitolo di libro
Lingua:slovacco
Soggetti:
Tags: Aggiungi Tag
Nessun Tag, puoi essere il primo ad aggiungerne!!

MARC

LEADER 00000naa a2200000 4500
001 r009386
005 20220831090005.7
041 0 |a slo 
044 |a [CS] 
245 1 0 |a Hodnotenie ekonomickej efektívnosti podnikateľských zámerov.  |c J. Novák, Zuzana Chrastinová 
520 |a Kritériá hodnotenia ekonomickej efektívnosti podnikateľského zámeru. Základné a vedľajšie kritériá. Termíny potrebné na výpočet. Praktický výpočet jednotlivých kritérií hodnotenia podnikateľských zámerov. 
610 2 0 |a efektívnosť ekonomická 
610 2 0 |a podnikanie 
610 2 0 |a zámery investičné 
610 2 0 |a kritériá rozhodovania 
610 2 0 |a metódy ekonomicko-matematické 
610 2 0 |a investície 
610 2 0 |a rentabilita 
100 1 |a Novák, J. 
700 1 |a Chrastinová, Zuzana